| 000 | 00477nam a22001817a 4500 | ||
|---|---|---|---|
| 003 | CEME | ||
| 005 | 20210628203524.0 | ||
| 008 | 210120b xxu||||| |||| 00| 0 eng d | ||
| 020 | _a8129704765 | ||
| 040 | _c. | ||
| 082 | _a658.5 SOP | ||
| 100 |
_aSople, Vinod.V _965995 |
||
| 245 | _aLogistics management, the supply chain imperative | ||
| 260 |
_aINDIA _bPEARSON EDUCATION ASIA _c2004 |
||
| 300 | _aIX,354P | ||
| 650 |
_aLOGISTICS MANAGEMENT _965996 |
||
| 942 |
_cBK _2ddc |
||
| 999 |
_c574052 _d574052 |
||